Estudios en la historia del pensamiento económico latinoamericano /
Guardado en:
| Autor Principal: | |
|---|---|
| Formato: | Libro |
| Idioma: | Spanish |
| Publicado: |
Colombia :
Plaza & Janés,
1986.
|
| Materias: | |
| Etiquetas: |
Agregar Etiqueta
Sin Etiquetas, Sea el primero en etiquetar este registro!
|
| LEADER | 00684nam a22002055a 4500 | ||
|---|---|---|---|
| 001 | EEO.bibeco001237 | ||
| 003 | AR-BaUEB | ||
| 005 | 20110412134606.0 | ||
| 008 | 080718s1986####ck############000#0#spa#d | ||
| 245 | 1 | 0 | |a Estudios en la historia del pensamiento económico latinoamericano / |c Oreste Popescu. |
| 260 | |a Colombia : |b Plaza & Janés, |c 1986. | ||
| 300 | |a 835 p. | ||
| 502 | |a Antología del pensamiento económico y social de américa latina, vol. 10 | ||
| 020 | |a 9581401466 | ||
| 100 | 1 | |a Popescu, Oreste. | |
| 082 | 0 | 4 | |a 330.15 |
| 653 | |a Pensamiento economico | ||
| 653 | |a America latina | ||
| 653 | |a Historia economica | ||
| 859 | |a AR-BaUEB |b BIB. ECONOMIA - General |h 330.15 |i P811 |p e05983 | ||
